000 00609nam a2200205Ii 4500
003 JO-AjNU
008 230605s9999||||xx |||||||||||||| ||und||
040 _aJO-AjNU
_bara
_erda
_cJO-AjNU
041 _aara
050 1 4 _aSF531.5
100 3 _a وفاء ، عبدالخالق ,
_eauthor
_916269
245 0 0 _aتربية دودة القز
250 _aط2
264 3 1 _aالقاهرة:مكتبة الانجلو الامريكية
300 _a229ص
336 _atext
_btxt
_2rdacontent
337 _aunmediated
_bn
_2rdamedia
338 _avolume
_bnc
_2rdacarrier
650 4 _aدودة القز
_916270
999 _aA4783
_c8351
_d8351